Radical markets by Eric posner and E glen Weyl: A review essay* (Record no. 515387)

000 -LEADER
fixed length control field 01083nam a22001577a 4500
008 - FIXED-LENGTH DATA ELEMENTS--GENERAL INFORMATION
fixed length control field 210125b ||||| |||| 00| 0 eng d
100 ## - MAIN ENTRY--PERSONAL NAME
Personal name Levine, David
245 ## - TITLE STATEMENT
Title Radical markets by Eric posner and E glen Weyl: A review essay*
260 ## - PUBLICATION, DISTRIBUTION, ETC. (IMPRINT)
Place of publication, distribution, etc Journal of Economic Literature
300 ## - PHYSICAL DESCRIPTION
Extent 58(2), Jun, 2020: p.471-487
520 ## - SUMMARY, ETC.
Summary, etc At a time when standards of living have improved more than any time in history, this book makes a proposal for radical change. It is based—loosely—on market design principles. The plan for attacking overlapping ownership is reasonably well thought out. Most of the book, however, proposes to use mechanisms designed for a narrow purpose; to attack real or imagined problems that they are ill-suited to solve. I conclude that while market design has a lot to offer when properly applied, the proposals here are not sufficiently well thought out to constitute a serious plan of action.- Reproduced
650 ## - SUBJECT ADDED ENTRY--TOPICAL TERM
Topical term or geographic name as entry element Market design principles
9 (RLIN) 23710
773 ## - HOST ITEM ENTRY
Main entry heading Journal of Economic Literature
906 ## - LOCAL DATA ELEMENT F, LDF (RLIN)
Subject DIP MARKET DESIGN
942 ## - ADDED ENTRY ELEMENTS (KOHA)
Item type Articles
Holdings
Withdrawn status Lost status Source of classification or shelving scheme Damaged status Not for loan Permanent location Current location Date acquired Serial Enumeration / chronology Barcode Date last seen Koha item type
          Indian Institute of Public Administration Indian Institute of Public Administration 2021-01-25 58(2), Jun, 2020: p.471-487 AR123897 2021-01-25 Articles

Powered by Koha